<?xml version="1.0" encoding="UTF-8"?>
<collection xmlns="http://www.loc.gov/MARC21/slim">
 <record>
  <leader>00794pamaa2200157   4500</leader>
  <controlfield tag="001">0000028955</controlfield>
  <controlfield tag="005">20110126090000.0</controlfield>
  <datafield tag="020" ind1="0" ind2="0">
   <subfield code="a">[ nil ] </subfield>
  </datafield>
  <datafield tag="090" ind1="0" ind2="0">
   <subfield code="a">TK145 </subfield>
   <subfield code="b">NGK 2000</subfield>
  </datafield>
  <datafield tag="100" ind1="1" ind2="0">
   <subfield code="a">NG KIA KIAH </subfield>
  </datafield>
  <datafield tag="245" ind1="1" ind2="2">
   <subfield code="a">A water surface directional system for snorkeling by Ng Kia Kiah. 2. Aeration of fishing pond by using wind power machine by Kan Wah Soon. 3. Bamboo-splitting machine by Chua Ying Lin. 4. Design of a  mini sheet curler by Dewi Sarini Lam. 5. Design of a refrigerator unit for domestic use by Cheong Ming Seong. 6. Fruit peeler and seeds remover by Ong Teck Chuan.</subfield>
  </datafield>
  <datafield tag="260" ind1="0" ind2="0">
   <subfield code="a">Nilai: </subfield>
   <subfield code="b">INTI College Malaysia, </subfield>
   <subfield code="c">August 2000.</subfield>
  </datafield>
  <datafield tag="300" ind1=" " ind2=" ">
   <subfield code="a">Numbers 5 - 10.</subfield>
  </datafield>
  <datafield tag="440" ind1="0" ind2="0">
   <subfield code="a">Diploma in Mechanical Engineering project paper</subfield>
  </datafield>
  <datafield tag="650" ind1="0" ind2="0">
   <subfield code="a">Project paper </subfield>
  </datafield>
  <datafield tag="650" ind1="0" ind2="0">
   <subfield code="a">Mechanical engineering -- </subfield>
   <subfield code="x">Project paper </subfield>
  </datafield>
 </record>
</collection>
